[Event "SUI-chT"]
[Site "Switzerland"]
[Date "2023.05.13"]
[Round "3.3"]
[White "Burri, Quentin"]
[Black "Ondozi, Murtez"]
[Result "1/2-1/2"]
[WhiteElo "2402"]
[BlackElo "2398"]
[PlyCount "46"]
[EventDate "2023.04.16"]
[EventType "team-tourn"]
[EventRounds "9"]
[EventCountry "SUI"]
[SourceTitle "EXT 2024"]
[Source "ChessBase"]
[SourceDate "2023.10.10"]
[SourceVersion "1"]
[SourceVersionDate "2023.10.10"]
[SourceQuality "1"]
[WhiteTeam "Geneve"]
[BlackTeam "Nyon"]
[WhiteTeamCountry "SUI"]
[BlackTeamCountry "SUI"]

1. e4 c6 2. d4 d5 3. e5 Bf5 4. h4 h5 5. Bd3 Bxd3 6. Qxd3 e6 7. Bg5 Qb6 8. Nd2 c5 9. c4 Qa6 10. Ngf3 Nc6 11. 0-0 cxd4 12. a3 Na5 13. Qxd4 Nxc4 14. Nxc4 Qxc4 15. Qd2 Ne7 16. Rfc1 Qa6 17. b4 Nc6 18. Rab1 Qb6 19. b5 Na5 20. Be3 Qd8 21. Bg5 Qb6 22. Be3 Qd8 23. Bg5 Qb6 1/2-1/2

[Event "SUI-chT"]
[Site "Switzerland"]
[Date "2023.04.01"]
[Round "7.2"]
[White "Haag, Gregor"]
[Black "Ondozi, Murtez"]
[Result "1-0"]
[WhiteElo "2295"]
[BlackElo "2398"]
[PlyCount "61"]
[EventDate "2022.05.01"]
[EventType "team-tourn"]
[EventRounds "9"]
[EventCountry "SUI"]
[SourceTitle "EXT 2024"]
[Source "ChessBase"]
[SourceDate "2023.10.10"]
[SourceVersion "1"]
[SourceVersionDate "2023.10.10"]
[SourceQuality "1"]
[WhiteTeam "Riehen"]
[BlackTeam "Nyon"]
[WhiteTeamCountry "SUI"]
[BlackTeamCountry "SUI"]

1. d4 d5 2. c4 c6 3. Nf3 Nf6 4. Nc3 e6 5. Bg5 Nbd7 6. e3 h6 7. Bh4 Be7 8. Rc1 0-0 9. Bd3 dxc4 10. Bxc4 b5 11. Bd3 Bb7 12. 0-0 a6 13. Bxf6 Nxf6 14. Ne4 Nd7 15. a3 Qb6 16. Bb1 a5 17. Qc2 g6 18. h4 h5 19. Nfg5 Bxg5 20. hxg5 Rac8 21. b4 axb4 22. axb4 Qc7 23. f4 Ra8 24. Ba2 Ra3 25. Bb3 Rfa8 26. Rfd1 Nb6 27. Nf6+ Kg7 28. Qb2 Kf8 29. d5 exd5 30. Rxd5 Nxd5 31. Nxd5 1-0

[Event "EU-ch Rapid"]
[Site "Katowice"]
[Date "2022.12.17"]
[Round "5"]
[White "Czernek, Tymon"]
[Black "Ondozi, Murtez"]
[Result "1-0"]
[WhiteElo "2302"]
[BlackElo "2406"]
[PlyCount "71"]
[EventDate "2022.12.17"]
[EventType "swiss (rapid)"]
[EventRounds "11"]
[EventCountry "POL"]
[SourceTitle "CBM 211 Extra"]
[Source "ChessBase"]
[SourceDate "2023.01.31"]
[SourceVersion "1"]
[SourceVersionDate "2023.01.31"]
[SourceQuality "1"]

1. e4 c6 2. d4 d5 3. f3 dxe4 4. fxe4 e5 5. Nf3 exd4 6. Bc4 Be7 7. 0-0 Nf6 8. Ng5 0-0 9. Nxf7 Rxf7 10. Bxf7+ Kxf7 11. e5 Kg8 12. exf6 Bxf6 13. Nd2 Qd5 14. Qe2 Bd7 15. Ne4 Be5 16. Bf4 Na6 17. Bxe5 Qxe5 18. Rae1 Qd5 19. c4 dxc3 20. Nxc3 Qc5+ 21. Kh1 Rf8 22. Rxf8+ Kxf8 23. Qd3 Nb8 24. Qxh7 Qf2 25. Rg1 Be6 26. Ne4 Qf4 27. Qh8+ Kf7 28. Ng3 Qe5 29. Rf1+ Ke7 30. Nh5 Nd7 31. Nxg7 Bxa2 32. Nf5+ Kf7 33. Nh4+ Nf6 34. Nf3 Qxb2 35. Ng5+ Kg6 36. Ne4 1-0

[Event "EU-ch Blitz"]
[Site "Katowice"]
[Date "2022.12.16"]
[Round "7"]
[White "Alonso Rosell, Alvar"]
[Black "Ondozi, Murtez"]
[Result "0-1"]
[WhiteElo "2561"]
[BlackElo "2406"]
[PlyCount "154"]
[EventDate "2022.12.16"]
[EventType "swiss (blitz)"]
[EventRounds "22"]
[EventCountry "POL"]
[SourceTitle "CBM 211 Extra"]
[Source "ChessBase"]
[SourceDate "2023.01.31"]
[SourceVersion "1"]
[SourceVersionDate "2023.01.31"]
[SourceQuality "1"]

1. d4 d5 2. c4 c6 3. Nf3 Nf6 4. Nc3 e6 5. Qd3 Nbd7 6. e4 dxe4 7. Nxe4 Nxe4 8. Qxe4 c5 9. dxc5 Bxc5 10. Be2 Bb4+ 11. Bd2 Bxd2+ 12. Nxd2 Nf6 13. Qe3 0-0 14. 0-0 Qc7 15. Bf3 Bd7 16. Rac1 Bc6 17. b4 Rfd8 18. Bxc6 Qxc6 19. Nf3 Qe4 20. Qb3 Rd3 21. Qa4 a6 22. Rfe1 Qf4 23. Qc2 Rad8 24. Qe2 Ng4 25. h3 Rxf3 26. hxg4 Rfd3 27. g3 Qd4 28. Qe5 Qxg4 29. a4 h5 30. Kg2 h4 31. Qe4 Qxe4+ 32. Rxe4 hxg3 33. fxg3 Rb3 34. b5 Rb4 35. a5 axb5 36. Re5 bxc4 37. Rc5 Ra8 38. Rd1 Ra4 39. Rd7 R4xa5 40. Rxc4 b5 41. Rcc7 Rf8 42. Rb7 g6 43. Kh3 Kg7 44. Re7 Kf6 45. Rec7 g5 46. Rc5 Kg6 47. Re5 Rh8+ 48. Kg2 Ra2+ 49. Kf3 Ra3+ 50. Kg2 Rb3 51. Rc7 Rd8 52. Rcc5 f6 53. Rxe6 Rd2+ 54. Kh3 Rdd3 55. Rcc6 Rxg3+ 56. Kh2 Rgf3 57. Kg2 Rf5 58. Red6 Rb1 59. Rb6 b4 60. Rd4 b3 61. Rd3 Rf4 62. Rdxb3 Rxb3 63. Rxb3 Ra4 64. Kg3 f5 65. Rb8 Ra3+ 66. Kg2 Kh5 67. Rb4 f4 68. Rb8 Kg4 69. Rb2 Kh4 70. Rf2 Rb3 71. Kh2 f3 72. Ra2 g4 73. Ra1 Rb2+ 74. Kg1 g3 75. Kh1 Kh3 76. Kg1 Rg2+ 77. Kf1 Rh2 0-1

[Event "EU-ch Blitz"]
[Site "Katowice"]
[Date "2022.12.16"]
[Round "14"]
[White "Jaskolka, Tomasz"]
[Black "Ondozi, Murtez"]
[Result "0-1"]
[WhiteElo "2188"]
[BlackElo "2406"]
[PlyCount "92"]
[EventDate "2022.12.16"]
[EventType "swiss (blitz)"]
[EventRounds "22"]
[EventCountry "POL"]
[SourceTitle "CBM 211 Extra"]
[Source "ChessBase"]
[SourceDate "2023.01.31"]
[SourceVersion "1"]
[SourceVersionDate "2023.01.31"]
[SourceQuality "1"]

1. d4 d5 2. Bf4 c6 3. e3 Qb6 4. Qc1 Bf5 5. Nf3 Nf6 6. c4 e6 7. c5 Qd8 8. Nc3 h6 9. h3 Nbd7 10. b4 b6 11. b5 bxc5 12. bxc6 Nb6 13. Nb5 Rc8 14. Nxa7 c4 15. Nxc8 Qxc8 16. c7 Bb4+ 17. Nd2 Ne4 18. Qb2 Bxd2+ 19. Ke2 Nd7 20. f3 Bc3 21. Qc1 Bxa1 22. fxe4 Bxe4 23. Qxa1 0-0 24. Bd6 Re8 25. Kf2 Qa6 26. Bg3 e5 27. dxe5 Rc8 28. Be2 Bf5 29. Rd1 Be6 30. e4 dxe4 31. Rd6 Qa7+ 32. Kf1 Qxc7 33. Qc3 Qc5 34. a4 Rb8 35. Qc2 Qb4 36. Kg1 Qb3 37. Qxb3 cxb3 38. Bb5 b2 39. Rd1 Rxb5 40. axb5 Ba2 41. e6 fxe6 42. Bc7 e3 43. Kf1 b1Q 44. Rxb1 Bxb1 45. b6 Be4 46. Ke2 Bxg2 0-1

[Event "EU-ch Blitz"]
[Site "Katowice"]
[Date "2022.12.16"]
[Round "11"]
[White "Ugorek, Kacper"]
[Black "Ondozi, Murtez"]
[Result "1-0"]
[WhiteElo "1682"]
[BlackElo "2406"]
[PlyCount "69"]
[EventDate "2022.12.16"]
[EventType "swiss (blitz)"]
[EventRounds "22"]
[EventCountry "POL"]
[SourceTitle "CBM 211 Extra"]
[Source "ChessBase"]
[SourceDate "2023.01.31"]
[SourceVersion "1"]
[SourceVersionDate "2023.01.31"]
[SourceQuality "1"]

1. d4 d5 2. c4 c6 3. Nf3 Nf6 4. Qc2 e6 5. g3 Nbd7 6. Nbd2 Bd6 7. Bg2 0-0 8. 0-0 h6 9. e4 dxe4 10. Nxe4 Nxe4 11. Qxe4 c5 12. Bf4 Qc7 13. Bxd6 Qxd6 14. Rfd1 Qc7 15. b3 Rb8 16. Ne5 Nf6 17. Qe3 b6 18. dxc5 bxc5 19. Rd2 Bb7 20. Rad1 Bxg2 21. Kxg2 a5 22. Nd7 Nxd7 23. Rxd7 Qb6 24. R1d6 Qb4 25. Rc6 Rbc8 26. Rdc7 Rxc7 27. Rxc7 Qa3 28. Qxc5 Qxa2 29. Rc8 Rxc8 30. Qxc8+ Kh7 31. Qb7 f5 32. c5 Qc2 33. c6 Qe4+ 34. Kg1 Qe1+ 35. Kg2 1-0

[Event "SUI-chT"]
[Site "Switzerland"]
[Date "2022.11.13"]
[Round "9.2"]
[White "Hasenohr, Benedict"]
[Black "Ondozi, Murtez"]
[Result "0-1"]
[WhiteElo "2323"]
[BlackElo "2402"]
[PlyCount "88"]
[EventDate "2022.05.01"]
[EventType "team-tourn"]
[EventRounds "9"]
[EventCountry "SUI"]
[SourceTitle "EXT 2024"]
[Source "ChessBase"]
[SourceDate "2023.10.10"]
[SourceVersion "1"]
[SourceVersionDate "2023.10.10"]
[SourceQuality "1"]
[WhiteTeam "Winterthur"]
[BlackTeam "Nyon"]
[WhiteTeamCountry "SUI"]
[BlackTeamCountry "SUI"]

1. d4 d5 2. c4 c6 3. cxd5 cxd5 4. Bf4 Nc6 5. e3 Nf6 6. Nc3 a6 7. Bd3 g6 8. Nge2 Bg7 9. Rc1 0-0 10. 0-0 Qa5 11. Qb3 Qb4 12. Qc2 Qa5 13. a3 Nh5 14. b4 Qd8 15. Bg5 h6 16. Bh4 g5 17. Bg3 e6 18. f3 Nxg3 19. hxg3 f5 20. g4 f4 21. Qd2 Qf6 22. Rfd1 Bd7 23. e4 Nxd4 24. Qa2 Nxe2+ 25. Nxe2 Qb2 26. Qxb2 Bxb2 27. Rc7 Bc6 28. exd5 exd5 29. Bh7+ Kh8 30. Bf5 Rf6 31. Re7 Bxa3 32. Rb1 a5 33. Rh7+ Kg8 34. b5 Rxf5 35. bxc6 b6 36. Rxh6 Re5 37. Kf1 Bc5 38. c7 Rc8 39. Rc6 Re7 40. g3 fxg3 41. Nxg3 Rexc7 42. Rg6+ Rg7 43. Rh6 Ra8 44. Nf5 Rh7 0-1

[Event "SUI-chT"]
[Site "Switzerland"]
[Date "2022.09.17"]
[Round "6.2"]
[White "Ondozi, Murtez"]
[Black "Viennot, Dylan"]
[Result "1/2-1/2"]
[WhiteElo "2402"]
[BlackElo "2303"]
[PlyCount "254"]
[EventDate "2022.05.01"]
[EventType "team-tourn"]
[EventRounds "9"]
[EventCountry "SUI"]
[SourceTitle "EXT 2023"]
[Source "ChessBase"]
[SourceDate "2022.10.05"]
[SourceVersion "1"]
[SourceVersionDate "2022.10.05"]
[SourceQuality "1"]
[WhiteTeam "Nyon"]
[BlackTeam "Nimzowitsch"]
[WhiteTeamCountry "SUI"]
[BlackTeamCountry "SUI"]

1. d4 d5 2. c4 e6 3. Nc3 Be7 4. Nf3 Nf6 5. Bg5 0-0 6. e3 dxc4 7. Bxc4 a6 8. 0-0 b5 9. Bd3 Bb7 10. Rc1 Nbd7 11. a4 b4 12. Ne2 c5 13. Ng3 h6 14. Bxf6 Bxf6 15. Be4 Bxe4 16. Nxe4 cxd4 17. Nxd4 Bxd4 18. Qxd4 Nf6 19. Qxb4 Rb8 20. Nxf6+ Qxf6 21. Qa5 Rxb2 22. Qxa6 Rd8 23. Rc8 g6 24. Qa8 Rxc8 25. Qxc8+ Kh7 26. Qc4 Qe5 27. h3 Rd2 28. Qb3 Qf5 29. Qa3 Qd5 30. Qc3 Ra2 31. Qf6 Qf5 32. Qd4 Qd5 33. Rd1 Qxd4 34. Rxd4 Kg7 35. g4 Kf6 36. Kg2 g5 37. Rb4 Kg6 38. Kg3 Ra3 39. h4 Kf6 40. h5 Ra1 41. Kf3 Ra2 42. Rc4 Kg7 43. Kg3 Ra3 44. Re4 Ra1 45. f4 Kf6 46. Rb4 Rg1+ 47. Kf3 Rf1+ 48. Ke2 Ra1 49. Kd3 Rg1 50. Ke4 Ra1 51. Kd3 Rg1 52. f5 exf5 53. Rb6+ Ke7 54. gxf5 g4 55. Ke4 Ra1 56. Kf4 Rxa4+ 57. e4 g3 58. Rb2 Ra1 59. Rb7+ Ke8 60. Kxg3 Rh1 61. Kg4 Kf8 62. Rb6 Rg1+ 63. Kf4 Rh1 64. f6 Ke8 65. Ke5 Kd7 66. Rb7+ Ke8 67. Re7+ Kf8 68. Rb7 Ke8 69. Ra7 Rh2 70. Re7+ Kf8 71. Rc7 Ke8 72. Kd6 Rd2+ 73. Kc6 Rc2+ 74. Kb7 Rb2+ 75. Kc8 Rb6 76. Re7+ Kf8 77. e5 Rb1 78. Rd7 Rc1+ 79. Kd8 Rc5 80. Re7 Rd5+ 81. Kc7 Rd1 82. Rd7 Rc1+ 83. Kb8 Ke8 84. Rd5 Rc2 85. Kb7 Rc1 86. Kb6 Rb1+ 87. Kc6 Rc1+ 88. Kd6 Re1 89. Rd3 Re2 90. Rd1 Ra2 91. Kd5 Ra5+ 92. Ke4 Ra4+ 93. Rd4 Ra1 94. Rb4 Re1+ 95. Kd5 Rd1+ 96. Rd4 Re1 97. Rd2 Ra1 98. Rd3 Re1 99. Rg3 Kd7 100. Rd3 Ke8 101. Ra3 Rd1+ 102. Kc4 Rc1+ 103. Rc3 Rd1 104. Re3 Rc1+ 105. Kd3 Rd1+ 106. Ke4 Rh1 107. Rg3 Re1+ 108. Re3 Rh1 109. Rb3 Re1+ 110. Kd4 Rd1+ 111. Rd3 Re1 112. Kd5 Ra1 113. Rd4 Re1 114. Kd6 Ra1 115. Rd2 Re1 116. Rd5 Ra1 117. Rc5 Rd1+ 118. Kc6 Re1 119. Kc7 Rd1 120. Kc8 Re1 121. Rd5 Rc1+ 122. Kb7 Rb1+ 123. Kc6 Rc1+ 124. Kd6 Re1 125. Rd2 Ra1 126. Kd5 Ra5+ 127. Ke4 Ra1 1/2-1/2

[Event "Kosovo-chT"]
[Site "Pristina"]
[Date "2021.05.16"]
[Round "3.1"]
[White "Bashota, Ekrem"]
[Black "Ondozi, Murtez"]
[Result "0-1"]
[WhiteElo "2135"]
[BlackElo "2370"]
[PlyCount "94"]
[EventDate "2021.05.15"]
[EventType "team-tourn"]
[EventRounds "7"]
[EventCountry "KOS"]
[SourceTitle "CBM 202 Extra"]
[Source "ChessBase"]
[SourceDate "2021.07.31"]
[SourceVersion "1"]
[SourceVersionDate "2021.07.31"]
[SourceQuality "1"]
[WhiteTeam "Hyzri Talla"]
[BlackTeam "Drejtesia"]
[WhiteTeamCountry "KOS"]
[BlackTeamCountry "KOS"]

1. e4 c5 2. Nf3 e6 3. d4 cxd4 4. Nxd4 a6 5. Nc3 Qc7 6. Bd3 Nf6 7. Qe2 d6 8. 0-0 Be7 9. Kh1 b5 10. a3 Nbd7 11. f4 Bb7 12. Bd2 0-0 13. Rae1 Nc5 14. e5 dxe5 15. fxe5 Nfd7 16. Bf4 Nxd3 17. cxd3 Rad8 18. Nf3 Nc5 19. Rd1 Nb3 20. Ne4 Bxe4 21. Qxe4 Rd5 22. d4 Rfd8 23. Be3 h6 24. h3 a5 25. Qg4 Kh8 26. Qh5 Kg8 27. Nd2 Nxd4 28. Qxf7+ Kh7 29. Bxd4 Rxd4 30. Rc1 Qd7 31. Nf3 Rf8 32. Qh5 g6 33. Ng5+ Bxg5 34. Qe2 Rd2 35. Qg4 Rxf1+ 36. Rxf1 Rd4 37. Qe2 h5 38. Qc2 Rd2 39. Qc5 Rd1 40. Qf2 Be3 41. Qf3 Rxf1+ 42. Qxf1 a4 43. Qf3 Bc1 44. Qf2 Bh6 45. Qe2 Qd5 46. Kh2 Bf4+ 47. g3 Bxe5 0-1

[Event "SUI-chT"]
[Site "Switzerland"]
[Date "2019.10.19"]
[Round "8.2"]
[White "Georgiadis, Nico"]
[Black "Ondozi, Murtez"]
[Result "1/2-1/2"]
[WhiteElo "2525"]
[BlackElo "2405"]
[PlyCount "128"]
[EventDate "2019.03.10"]
[EventType "team-tourn"]
[EventRounds "9"]
[EventCountry "SUI"]
[SourceTitle "CBM 192 Extra"]
[Source "Chessbase"]
[SourceDate "2019.11.06"]
[SourceVersion "1"]
[SourceVersionDate "2019.11.06"]
[SourceQuality "1"]
[WhiteTeam "Winterthur"]
[BlackTeam "Nyon"]
[WhiteTeamCountry "SUI"]
[BlackTeamCountry "SUI"]

1. e4 c6 2. d4 d5 3. Nc3 dxe4 4. Nxe4 Nd7 5. Nf3 Ngf6 6. Nxf6+ Nxf6 7. Ne5 e6 8. c3 Bd6 9. Bd3 Qc7 10. Nc4 Bf4 11. Bxf4 Qxf4 12. Ne5 Nd7 13. g3 Qf6 14. f4 0-0 15. Qh5 g6 16. Qe2 c5 17. Bb5 Nxe5 18. dxe5 Qe7 19. 0-0-0 a6 20. Bd3 b5 21. Be4 Bb7 22. Rd6 c4 23. Rhd1 Bxe4 24. Qxe4 Qa7 25. R1d4 Rac8 26. g4 Rc5 27. h4 a5 28. h5 b4 29. hxg6 hxg6 30. Rd8 bxc3 31. bxc3 Rc8 32. Rxc8 Rxc8 33. f5 exf5 34. gxf5 Qe7 35. fxg6 Qg5+ 36. Kc2 Qxg6 37. Qxg6+ fxg6 38. Rd5 Kf7 39. Rxa5 Ke6 40. Ra6+ Kxe5 41. Rxg6 Ra8 42. Kb2 Kd5 43. Rb6 Kc5 44. Rb4 Rh8 45. a4 Rh3 46. Rb8 Rg3 47. Rc8+ Kd5 48. a5 Rg2+ 49. Ka3 Rg1 50. Rh8 Ra1+ 51. Kb4 Rb1+ 52. Ka4 Ra1+ 53. Kb5 Rb1+ 54. Ka6 Rb3 55. Rh3 Kc6 56. Ka7 Kc7 57. a6 Kc8 58. Rh5 Rxc3 59. Rc5+ Kd7 60. Kb6 Rb3+ 61. Ka5 c3 62. a7 Ra3+ 63. Kb6 Rb3+ 64. Ka6 Ra3+ 1/2-1/2

[Event "SUI-chT"]
[Site "Switzerland"]
[Date "2019.06.30"]
[Round "5.1"]
[White "Pelletier, Yannick"]
[Black "Ondozi, Murtez"]
[Result "1/2-1/2"]
[WhiteElo "2559"]
[BlackElo "2405"]
[PlyCount "133"]
[EventDate "2019.03.10"]
[EventType "team-tourn"]
[EventRounds "9"]
[EventCountry "SUI"]
[SourceTitle "EXT 2020"]
[Source "ChessBase"]
[SourceDate "2019.10.17"]
[SourceVersion "1"]
[SourceVersionDate "2019.10.17"]
[SourceQuality "1"]
[WhiteTeam "Zuerich"]
[BlackTeam "Nyon"]
[WhiteTeamCountry "SUI"]
[BlackTeamCountry "SUI"]

1. d4 d5 2. c4 e6 3. Nc3 Nf6 4. Nf3 c5 5. e3 dxc4 6. Bxc4 cxd4 7. exd4 Be7 8. 0-0 0-0 9. Bg5 Nc6 10. a3 Nd5 11. Bxd5 exd5 12. Bxe7 Nxe7 13. Re1 Bg4 14. h3 Bxf3 15. Qxf3 Qd7 16. Re5 f6 17. Re3 Rad8 18. Rae1 Nf5 19. Rd3 Ne7 20. h4 Rf7 21. h5 Nc6 22. g3 h6 23. Ree3 Re7 24. Rxe7 Nxe7 25. Ne2 Rc8 26. Nf4 Rc1+ 27. Kg2 Rc2 28. b4 Rc4 29. Kh2 b5 30. Ng6 Nxg6 31. hxg6 Rc8 32. Re3 Kf8 33. Re5 Rd8 34. Kg2 Kg8 35. Re3 Rc8 36. Qf4 Kf8 37. Re1 Kg8 38. Qf3 Kf8 39. Re5 Rd8 40. Qf4 Re8 41. Rxe8+ Kxe8 42. Qc1 Qe6 43. Qc7 Qe4+ 44. Kh2 Qxg6 45. Qb8+ Ke7 46. Qxa7+ Ke6 47. Qa6+ Ke7 48. Qb7+ Ke6 49. Qc6+ Ke7 50. Qc5+ Ke6 51. Qc6+ Ke7 52. Qxd5 Qd3 53. Kg2 f5 54. Qc5+ Kf6 55. Qc6+ Kf7 56. Qd5+ Kf6 57. Qd6+ Kf7 58. Qe5 Qe4+ 59. Kh2 Qxe5 60. dxe5 g5 61. f4 g4 62. Kg2 Ke7 63. Kf2 Ke6 64. Ke3 Kd5 65. Kd3 h5 66. Kd2 Kc6 67. Kd3 1/2-1/2

[Event "SUI-chT"]
[Site "Switzerland"]
[Date "2019.04.14"]
[Round "2.1"]
[White "Huebner, Robert"]
[Black "Ondozi, Murtez"]
[Result "1-0"]
[WhiteElo "2575"]
[BlackElo "2405"]
[PlyCount "117"]
[EventDate "2019.03.10"]
[EventType "team-tourn"]
[EventRounds "9"]
[EventCountry "SUI"]
[SourceTitle "CBM 190 Extra"]
[Source "ChessBase"]
[SourceDate "2019.07.15"]
[SourceVersion "1"]
[SourceVersionDate "2019.07.15"]
[SourceQuality "1"]
[WhiteTeam "Luzern"]
[BlackTeam "Nyon"]
[WhiteTeamCountry "SUI"]
[BlackTeamCountry "SUI"]

1. d4 d5 2. c4 c6 3. Nc3 Nf6 4. Nf3 g6 5. e3 Bg7 6. cxd5 cxd5 7. Bb5+ Nbd7 8. Qb3 e6 9. 0-0 0-0 10. Bd2 a6 11. Bd3 b6 12. Rfc1 Bb7 13. Na4 Ne4 14. Ba5 bxa5 15. Qxb7 Nd6 16. Qc6 Qe7 17. Qc7 Nb5 18. Qxa5 e5 19. Bxb5 axb5 20. Qxb5 Rfb8 21. Qc6 Qe6 22. b3 exd4 23. Nxd4 Bxd4 24. Qxe6 fxe6 25. exd4 Rb4 26. Rc7 Nf8 27. Rd1 g5 28. h3 Ng6 29. Rd2 Re8 30. Nc5 Nf8 31. a3 Rb6 32. b4 Ra8 33. Rd3 h6 34. Rf3 Re8 35. Rf6 Ra8 36. Rxh6 Rxa3 37. Rh5 Ra8 38. Rxg5+ Kh8 39. Nd3 Rab8 40. Rf7 R6b7 41. Rgg7 Rxf7 42. Rxf7 Kg8 43. Ra7 Rb6 44. g3 Rc6 45. Nc5 Nh7 46. b5 Rb6 47. Rb7 Rxb7 48. Nxb7 Kf7 49. b6 Ke7 50. Nc5 Kd6 51. Nxe6 Kc6 52. Nf4 Nf6 53. g4 Kxb6 54. g5 Ne4 55. g6 Nf6 56. h4 Kc6 57. h5 Ng8 58. Kg2 Kd6 59. Kg3 1-0

[Event "Olympiad-43"]
[Site "Batumi"]
[Date "2018.10.04"]
[Round "10.2"]
[White "Hjartarson, Johann"]
[Black "Ondozi, Murtez"]
[Result "1-0"]
[WhiteElo "2530"]
[BlackElo "2402"]
[PlyCount "79"]
[EventDate "2018.09.24"]
[EventType "team-swiss"]
[EventRounds "11"]
[EventCountry "GEO"]
[SourceTitle "CBM 187"]
[Source "ChessBase"]
[SourceDate "2018.12.11"]
[SourceVersion "1"]
[SourceVersionDate "2018.12.11"]
[SourceQuality "1"]
[WhiteTeam "Iceland"]
[BlackTeam "Kosovo"]
[WhiteTeamCountry "ISL"]
[BlackTeamCountry "KOS"]

1. e4 c5 2. Nf3 e6 3. d4 cxd4 4. Nxd4 a6 5. Bd3 Nf6 6. 0-0 Qc7 7. Qe2 d6 8. f4 Nbd7 9. c4 Be7 10. Nc3 0-0 11. Kh1 b6 12. Bd2 Bb7 13. f5 e5 14. Nb3 Nc5 15. Nxc5 dxc5 16. Nd5 Nxd5 17. cxd5 Qd6 18. a4 Rfc8 19. Bc4 Rc7 20. Ra3 Kf8 21. Qh5 h6 22. f6 Bxf6 23. Bxh6 Ke8 24. Raf3 g6 25. Qh3 Bd8 26. Bg7 f5 27. Qh8+ Kd7 28. Bxe5 Be7 29. Qg7 Rg8 30. Qxg8 Qxe5 31. exf5 gxf5 32. Rxf5 Qe4 33. R5f4 Qe5 34. Qg4+ Kd8 35. Re4 Qh8 36. Qe6 Rd7 37. Qxb6+ Kc8 38. Bxa6 Bxa6 39. Qxa6+ Kb8 40. Rxe7 1-0

[Event "Olympiad-43"]
[Site "Batumi"]
[Date "2018.10.02"]
[Round "8.2"]
[White "Ondozi, Murtez"]
[Black "Khalema, Sechaba"]
[Result "1-0"]
[WhiteElo "2402"]
[BlackElo "1779"]
[PlyCount "107"]
[EventDate "2018.09.24"]
[EventType "team-swiss"]
[EventRounds "11"]
[EventCountry "GEO"]
[SourceTitle "CBM 187"]
[Source "ChessBase"]
[SourceDate "2018.12.11"]
[SourceVersion "1"]
[SourceVersionDate "2018.12.11"]
[SourceQuality "1"]
[WhiteTeam "Kosovo"]
[BlackTeam "Lesotho"]
[WhiteTeamCountry "KOS"]
[BlackTeamCountry "LES"]

1. d4 Nf6 2. Nf3 d5 3. Bf4 e6 4. c3 c5 5. e3 Qb6 6. Qb3 Nc6 7. Nbd2 Bd7 8. Qxb6 axb6 9. Bc7 c4 10. a3 b5 11. Rc1 Be7 12. h3 0-0 13. Be2 Rfc8 14. Bg3 Be8 15. 0-0 Nd7 16. e4 Nb6 17. Rfe1 Bf8 18. Nh2 Na4 19. Rc2 Ne7 20. Bf3 Bc6 21. Nhf1 dxe4 22. Bxe4 Nd5 23. Ne3 Nab6 24. Bf3 g6 25. Ng4 Bg7 26. Ne5 Be8 27. Ng4 h5 28. Ne3 Bc6 29. Ne4 Re8 30. Rce2 Nxe3 31. Rxe3 Nd5 32. R3e2 Bf8 33. Be5 Bg7 34. Bh2 Bf8 35. g4 hxg4 36. hxg4 Bh6 37. g5 Bf8 38. Kg2 Bg7 39. Bg3 Red8 40. Rh1 Kf8 41. Rh7 Kg8 42. Rh4 Ne7 43. Rh2 Kf8 44. Nf6 Bxf3+ 45. Kxf3 Nd5 46. Be5 Bxf6 47. gxf6 Ke8 48. Rh7 b6 49. Kg4 Rdc8 50. Rg7 Nxc3 51. bxc3 Rxa3 52. d5 b4 53. dxe6 fxe6 54. f4 1-0

[Event "Olympiad-43"]
[Site "Batumi"]
[Date "2018.09.30"]
[Round "6.37"]
[White "Ondozi, Murtez"]
[Black "Diermair, Andreas"]
[Result "1/2-1/2"]
[WhiteElo "2402"]
[BlackElo "2501"]
[PlyCount "106"]
[EventDate "2018.09.24"]
[EventType "team-swiss"]
[EventRounds "11"]
[EventCountry "GEO"]
[SourceTitle "CBM 187"]
[Source "ChessBase"]
[SourceDate "2018.12.11"]
[SourceVersion "1"]
[SourceVersionDate "2018.12.11"]
[SourceQuality "1"]
[WhiteTeam "Kosovo"]
[BlackTeam "Austria"]
[WhiteTeamCountry "KOS"]
[BlackTeamCountry "AUT"]

1. d4 d5 2. Bf4 Nf6 3. c3 e6 4. Nf3 c5 5. e3 Nc6 6. h3 Bd6 7. Bxd6 Qxd6 8. Nbd2 0-0 9. Be2 e5 10. dxe5 Nxe5 11. Nxe5 Qxe5 12. 0-0 Bf5 13. Nf3 Qe7 14. Bd3 Be4 15. Qe2 Rad8 16. Rfd1 Rd7 17. Rd2 Rfd8 18. Rad1 h6 19. Bc2 Rd6 20. Ne1 Bxc2 21. Rxc2 Ne4 22. Nf3 Qf6 23. Nd2 Ng5 24. Nf3 Ne4 25. Nd2 Qg6 26. Nf3 Qf5 27. Nh4 Qf6 28. Nf3 a6 29. a3 Qe6 30. Rd3 Qe7 31. Qd1 R8d7 32. Re2 h5 33. Nh2 Qg5 34. Nf1 Qg6 35. f3 Ng5 36. Kh1 Ne6 37. Red2 h4 38. Kg1 Ng5 39. Rxd5 Nxh3+ 40. Kh2 Rxd5 41. Rxd5 Nf2 42. Qd2 Qb1 43. Kg1 Rxd5 44. Qxd5 Nd3 45. Qd8+ Kh7 46. Qxh4+ Kg8 47. Qe4 g6 48. Qxb7 Qc2 49. Kh2 Qf2 50. Ng3 Qxe3 51. Qxa6 Qh6+ 52. Kg1 Qe3+ 53. Kh2 Qh6+ 1/2-1/2

[Event "Olympiad-43"]
[Site "Batumi"]
[Date "2018.09.27"]
[Round "4.43"]
[White "Agopov, Mikael"]
[Black "Ondozi, Murtez"]
[Result "0-1"]
[WhiteElo "2447"]
[BlackElo "2402"]
[PlyCount "110"]
[EventDate "2018.09.24"]
[EventType "team-swiss"]
[EventRounds "11"]
[EventCountry "GEO"]
[SourceTitle "CBM 187"]
[Source "ChessBase"]
[SourceDate "2018.12.11"]
[SourceVersion "1"]
[SourceVersionDate "2018.12.11"]
[SourceQuality "1"]
[WhiteTeam "Finland"]
[BlackTeam "Kosovo"]
[WhiteTeamCountry "FIN"]
[BlackTeamCountry "KOS"]

1. e4 c5 2. Nf3 e6 3. d4 cxd4 4. Nxd4 a6 5. Bd3 Qc7 6. Qe2 d6 7. c4 Nf6 8. Nc3 Nbd7 9. 0-0 Ne5 10. Nf3 Nxd3 11. Qxd3 b6 12. Bf4 Bb7 13. Rfd1 Rc8 14. Bxd6 Bxd6 15. Qxd6 Nxe4 16. Nxe4 Bxe4 17. Ne5 b5 18. Qd4 f6 19. cxb5 Bc2 20. Qg4 f5 21. Qh5+ g6 22. Qe2 Bxd1 23. Rxd1 0-0 24. b6 Qc2 25. Qxc2 Rxc2 26. Nd7 Rxb2 27. Nxf8 Kxf8 28. g3 Ke7 29. Rc1 Rxb6 30. Rc7+ Kf6 31. Ra7 h6 32. h4 g5 33. hxg5+ hxg5 34. a4 g4 35. a5 Rc6 36. Kf1 Ke5 37. Ke2 Ke4 38. Rb7 e5 39. Rb2 Rc5 40. Ra2 Kd4 41. f3 gxf3+ 42. Kxf3 Rc3+ 43. Kf2 e4 44. Rd2+ Rd3 45. Ra2 Rf3+ 46. Kg2 Rb3 47. Rd2+ Rd3 48. Rf2 Ke5 49. Ra2 Rd5 50. Ra4 Rd2+ 51. Kf1 Rd4 52. Ra2 e3 53. Rc2 Ke4 54. Ke1 Rd5 55. Ke2 Rd2+ 0-1

[Event "KOS-chT"]
[Site "Pristina"]
[Date "2018.05.13"]
[Round "7.2"]
[White "Salihu, Sami"]
[Black "Ondozi, Murtez"]
[Result "0-1"]
[WhiteElo "2180"]
[BlackElo "2405"]
[PlyCount "110"]
[EventDate "2018.05.07"]
[EventType "team-tourn"]
[EventRounds "7"]
[EventCountry "KOS"]
[SourceTitle "EXT 2019"]
[Source "ChessBase"]
[SourceDate "2018.10.10"]
[SourceVersion "1"]
[SourceVersionDate "2018.10.10"]
[SourceQuality "1"]
[WhiteTeam "Dardania"]
[BlackTeam "Drejtesia"]
[WhiteTeamCountry "KOS"]
[BlackTeamCountry "KOS"]

1. d4 d5 2. Nf3 Bf5 3. c4 e6 4. Nc3 c6 5. Bf4 Qb6 6. Qd2 Nf6 7. c5 Qd8 8. e3 h6 9. Bd3 Bxd3 10. Qxd3 Nbd7 11. 0-0 Be7 12. b4 0-0 13. Ne5 Nh5 14. g4 Nxf4 15. exf4 Qc7 16. Rfe1 Nxe5 17. fxe5 f5 18. f3 Rf7 19. Rf1 Raf8 20. Ne2 fxg4 21. fxg4 Bg5 22. Ng3 Rxf1+ 23. Rxf1 Rxf1+ 24. Kxf1 Qf7+ 25. Kg2 Qf4 26. Qg6 Qf7 27. Qd3 a6 28. a4 Qe8 29. Ne2 Bh4 30. Ng3 g6 31. Kh3 Bg5 32. Ne2 Kg7 33. Nc3 Qf7 34. b5 axb5 35. axb5 Qf2 36. bxc6 bxc6 37. Ne2 Qh4+ 38. Kg2 Qxg4+ 39. Ng3 h5 40. h3 Qf4 41. Ne2 Qf7 42. Qg3 Qf5 43. h4 Qe4+ 44. Kh3 Qh1+ 45. Qh2 Qxh2+ 46. Kxh2 Bxh4 47. Nf4 Kf7 48. Kg2 Bg5 49. Nd3 Be3 50. Nb4 Bxd4 51. Nxc6 Bxc5 52. Nd8+ Ke7 53. Nc6+ Kd7 54. Na5 Bd4 55. Nb3 Bxe5 0-1